[Event "15th Africa-ch"]
[Site "Hammamet TUN"]
[Date "2018.07.09"]
[Round "1.1"]
[White "Amin, Bassem"]
[Black "Mulenga, Prince Daniel"]
[Result "1-0"]
[WhiteElo "2707"]
[BlackElo "2279"]
[EventDate "2019.07.09"]
[PlyCount "48"]

1.e4 e5 2.Nf3 Nc6 3.Bc4 Nf6 4.d3 Bc5 5.O-O d6 6.c3 a6 7.Bb3 Ba7 8.Re1 h6 
9.Nbd2 O-O 10.Nf1 Ne7 11.h3 Ng6 12.Ng3 Re8 13.d4 c6 14.Bc2 Be6 15.Be3 b5 
16.Qd2 c5 17.Rad1 cxd4 18.cxd4 exd4 19.Nxd4 Ne5 20.Nxe6 Bxe3 21.Rxe3 Rxe6 
22.Bb3 Re7 23.Nf5 Rd7 24.Rg3 g6 1-0

[Event "15th Africa-ch"]
[Site "Hammamet TUN"]
[Date "2018.07.09"]
[Round "1.2"]
[White "Abdulraheem, Abdulrahman Akintoye"]
[Black "Adly, Ahmed"]
[Result "0-1"]
[WhiteElo "2277"]
[BlackElo "2618"]
[EventDate "2019.07.09"]
[PlyCount "76"]

1.Nf3 Nf6 2.c4 g6 3.d4 Bg7 4.e3 O-O 5.Be2 d6 6.O-O Nbd7 7.Nc3 e5 8.b4 Re8 
9.Bb2 e4 10.Nd2 h5 11.Qc2 Qe7 12.a4 h4 13.h3 Nf8 14.a5 a6 15.Rfc1 Bf5 16.
Nd5 Nxd5 17.cxd5 Rec8 18.b5 Nh7 19.bxa6 bxa6 20.Ra3 Nf6 21.Bc4 g5 22.f3 
Bg6 23.fxe4 Nxe4 24.Nxe4 Bxe4 25.Qe2 Rcb8 26.Ba1 Ra7 27.Ba2 f5 28.Bc4 Bh6 
29.Bd3 Rf8 30.Bxe4 Qxe4 31.Qf3 Re8 32.Qh5 Kg7 33.Rac3 g4 34.Rxc7+ Rxc7 35.
Rxc7+ Re7 36.Rxe7+ Qxe7 37.Kf1 Qxe3 38.hxg4 Qd3+ 0-1

[Event "15th Africa-ch"]
[Site "Hammamet TUN"]
[Date "2018.07.09"]
[Round "1.3"]
[White "Hamdouchi, Hichem"]
[Black "Hbacha, Achraf"]
[Result "1-0"]
[WhiteElo "2575"]
[BlackElo "2249"]
[EventDate "2019.07.09"]
[PlyCount "79"]

1.e4 c6 2.c4 d5 3.cxd5 cxd5 4.exd5 Nf6 5.Nc3 Nxd5 6.Nf3 Nc6 7.Bc4 e6 8.O-O
Be7 9.d4 O-O 10.Re1 Bf6 11.Ne5 h6 12.h3 Nb6 13.Bb5 Be7 14.Nf3 Bd6 15.Bd3 
Nd5 16.Bc2 Nxc3 17.bxc3 Qf6 18.Qd3 Rd8 19.Qh7+ Kf8 20.Nd2 Bh2+ 21.Kxh2 
Qxf2 22.Rf1 Qh4 23.Kg1 Nxd4 24.cxd4 Qxd4+ 25.Rf2 Qxa1 26.Nb3 Qe5 27.Bxh6 
f5 28.Qh8+ Kf7 29.Qxd8 gxh6 30.Bd1 Qe1+ 31.Kh2 Qe5+ 32.g3 Qf6 33.Bh5+ Kg7 
34.Qc7+ Kh8 35.Rd2 Qg7 36.Rd8+ Kh7 37.Bf7 h5 38.Nd4 h4 39.Bg8+ Kh6 40.
Nxf5+ 1-0

[Event "15th Africa-ch"]
[Site "Hammamet TUN"]
[Date "2018.07.09"]
[Round "1.4"]
[White "Amdouni, Zoubaier"]
[Black "Bellahcene, Bilel"]
[Result "0-1"]
[WhiteElo "2248"]
[BlackElo "2541"]
[EventDate "2019.07.09"]
[PlyCount "70"]

1.e4 c5 2.Nf3 d6 3.d4 cxd4 4.Nxd4 Nf6 5.Nc3 a6 6.Bc4 e6 7.Bb3 Nbd7 8.Bg5 
Nc5 9.f4 Be7 10.Qf3 Qc7 11.O-O-O b5 12.Kb1 O-O 13.Bxf6 Bxf6 14.e5 dxe5 15.
Ndxb5 Qb7 16.fxe5 Qxf3 17.gxf3 Bxe5 18.Nd6 Bd7 19.Nb7 Nxb7 20.Rxd7 Nc5 21.
Rd2 Bxc3 22.bxc3 Rfc8 23.Kb2 Rab8 24.Rd4 a5 25.a4 g6 26.Re1 Kg7 27.Re3 Rc6
28.Ka3 Rcb6 29.Ba2 Kf6 30.Rc4 Rc6 31.Rf4+ Ke7 32.Bc4 Rb1 33.Bb5 Rd6 34.Re5
Ra1+ 35.Kb2 Rdd1 0-1

[Event "15th Africa-ch"]
[Site "Hammamet TUN"]
[Date "2018.07.09"]
[Round "1.6"]
[White "Silva, David"]
[Black "Fawzy, Adham"]
[Result "1/2-1/2"]
[WhiteElo "2246"]
[BlackElo "2476"]
[EventDate "2019.07.09"]
[PlyCount "51"]

1.Nf3 d5 2.g3 Nf6 3.Bg2 Bg4 4.c4 c6 5.b3 g6 6.Bb2 Bg7 7.O-O O-O 8.d4 Nbd7 
9.Nc3 Bxf3 10.Bxf3 e5 11.cxd5 exd4 12.Qxd4 Nxd5 13.Qd2 Nxc3 14.Bxc3 Ne5 
15.Qc2 Qe7 16.Bxe5 Bxe5 17.Rad1 Rfd8 18.Rxd8+ Rxd8 19.Rd1 h5 20.e3 Rxd1+ 
21.Qxd1 Kg7 22.Kg2 Kg8 23.Kg1 Kg7 24.Kg2 Kg8 25.Kg1 Kg7 26.Kg2 1/2-1/2

[Event "15th Africa-ch"]
[Site "Hammamet TUN"]
[Date "2018.07.09"]
[Round "1.7"]
[White "Oussedik, Mahfoud"]
[Black "Barbaria, Yacine"]
[Result "1/2-1/2"]
[WhiteElo "2440"]
[BlackElo "2210"]
[EventDate "2019.07.09"]
[PlyCount "69"]

1.d4 Nf6 2.c4 e6 3.Nf3 d5 4.g3 c6 5.Bg2 Bb4+ 6.Bd2 Bd6 7.Nc3 O-O 8.O-O 
Nbd7 9.b3 dxc4 10.bxc4 e5 11.e3 Re8 12.Qc2 Qc7 13.Rab1 h6 14.Bc1 Nf8 15.
dxe5 Bxe5 16.Nxe5 Qxe5 17.Bb2 Qh5 18.Qe2 Bg4 19.f3 Be6 20.Rfd1 N6d7 21.Rd4
Nb6 22.Rbd1 Qc5 23.Bf1 Bxc4 24.Rxc4 Nxc4 25.Qxc4 Qxe3+ 26.Kg2 Rad8 27.Bc1 
Qb6 28.Bd3 a5 29.a3 Nd7 30.Bc2 Qc5 31.Qb3 Nf6 32.Rxd8 Rxd8 33.Bf4 b5 34.
Ne4 Nxe4 35.Bxe4 1/2-1/2

[Event "15th Africa-ch"]
[Site "Hammamet TUN"]
[Date "2018.07.09"]
[Round "1.9"]
[White "Rakotomaharo, Fy Antenaina"]
[Black "Bouzidi, Ahmed"]
[Result "1-0"]
[WhiteElo "2419"]
[BlackElo "2191"]
[EventDate "2019.07.09"]
[PlyCount "59"]

1.d4 Nf6 2.c4 e6 3.Nc3 d5 4.Nf3 c6 5.e3 Nbd7 6.Qc2 Bd6 7.b3 Qe7 8.Be2 b6 
9.O-O Bb7 10.Bb2 O-O 11.Rfe1 Rfe8 12.Rad1 Rac8 13.e4 dxe4 14.Nxe4 Bb4 15.
Nc3 Ba3 16.Bxa3 Qxa3 17.Ne5 Red8 18.Bf3 Qe7 19.h4 Nxe5 20.dxe5 Ne8 21.Qe4 
Rc7 22.Rxd8 Qxd8 23.Rd1 Rd7 24.b4 Rxd1+ 25.Nxd1 Qc7 26.b5 f6 27.exf6 gxf6 
28.bxc6 Bc8 29.Nc3 f5 30.Qe3 1-0

[Event "15th Africa-ch"]
[Site "Hammamet TUN"]
[Date "2018.07.09"]
[Round "1.10"]
[White "Simutowe, Musatwe"]
[Black "Hesham, Abdelrahman"]
[Result "1/2-1/2"]
[WhiteElo "2170"]
[BlackElo "2417"]
[EventDate "2019.07.09"]
[PlyCount "45"]

1.d4 Nf6 2.Nf3 g6 3.Bf4 Bg7 4.e3 O-O 5.Be2 d6 6.h3 Nc6 7.O-O Nd7 8.Nc3 e5 
9.Bh2 exd4 10.exd4 Nb6 11.Qd2 Bf5 12.Bf4 Re8 13.Rfe1 a5 14.Bb5 Rxe1+ 15.
Rxe1 Qf8 16.a3 h6 17.Bd3 Bxd3 18.Qxd3 g5 19.Bd2 f5 20.Nb5 Qf7 21.Bc1 a4 
22.Nd2 Rf8 23.c4 1/2-1/2

[Event "15th Africa-ch"]
[Site "Hammamet TUN"]
[Date "2018.07.09"]
[Round "1.12"]
[White "Jmila, Omar"]
[Black "Makoto, Rodwell"]
[Result "1-0"]
[WhiteElo "2119"]
[BlackElo "2381"]
[EventDate "2019.07.09"]
[PlyCount "109"]

1.Nf3 Nf6 2.c4 g6 3.g3 Bg7 4.Bg2 O-O 5.O-O d5 6.cxd5 Qxd5 7.Nc3 Qh5 8.Qb3 
c5 9.d4 cxd4 10.Nxd4 e5 11.Nf3 Nc6 12.Bg5 Nd4 13.Nxd4 Qxg5 14.Nf3 Qh5 15.
Qb5 Nd7 16.Rfd1 Nb6 17.Ne4 Bg4 18.a4 f5 19.Nd6 e4 20.a5 f4 21.Qb3+ Nd5 22.
Rxd5 Be6 23.Rxh5 Bxb3 24.Rb5 exf3 25.Bxf3 Be6 26.Rxb7 Rad8 27.Ne4 Rf7 28.
Rxf7 Bxf7 29.Ng5 fxg3 30.hxg3 Bxb2 31.Nxf7 Kxf7 32.Rb1 Rd2 33.Kg2 h5 34.
Rh1 Kf6 35.e3 Ke5 36.a6 Rd6 37.Be2 Ba3 38.Rb1 Bc5 39.Rb7 Kf6 40.Bc4 Rd2 
41.Rf7+ Kg5 42.Kh3 Kh6 43.Rc7 Bb6 44.Rc6 Rd7 45.Ba2 Rc7 46.Re6 Rg7 47.Bb1 
Kh7 48.Be4 Bc5 49.Rc6 Bb4 50.Bb1 Ba3 51.f4 Bb4 52.e4 g5 53.e5+ Kg8 54.Rc8+
Bf8 55.Ba2+ 1-0

[Event "15th Africa-ch"]
[Site "Hammamet TUN"]
[Date "2018.07.10"]
[Round "2.1"]
[White "Boudriga, Med Ali"]
[Black "Amin, Bassem"]
[Result "0-1"]
[WhiteElo "2333"]
[BlackElo "2707"]
[EventDate "2019.07.09"]
[PlyCount "59"]

1.e4 e5 2.Nf3 Nc6 3.Bb5 a6 4.Bxc6 dxc6 5.O-O Bd6 6.c3 Ne7 7.d4 exd4 8.cxd4
Ng6 9.e5 Be7 10.Be3 O-O 11.Nc3 Be6 12.h3 Qd7 13.Nh2 Rad8 14.f4 c5 15.dxc5 
Qc6 16.Qf3 Rd3 17.Qxc6 bxc6 18.Nd1 Rfd8 19.Ng4 Nh4 20.Ngf2 R3d7 21.Ne4 f5 
22.Nec3 g5 23.fxg5 Ng6 24.Re1 Kf7 25.Rf1 Nxe5 26.Ne4 Rxd1 27.Raxd1 Rxd1 
28.Rxd1 Bd5 29.a3 Nc4 30.Bf4 0-1

[Event "15th Africa-ch"]
[Site "Hammamet TUN"]
[Date "2018.07.10"]
[Round "2.2"]
[White "Adly, Ahmed"]
[Black "El-Arbi, Abobker"]
[Result "1-0"]
[WhiteElo "2618"]
[BlackElo "2312"]
[EventDate "2019.07.09"]
[PlyCount "66"]

1.Nf3 Nf6 2.g3 b6 3.Bg2 Bb7 4.O-O e6 5.c4 Be7 6.d4 O-O 7.d5 exd5 8.Nh4 c6 
9.cxd5 Nxd5 10.Nf5 Nc7 11.e4 d5 12.Re1 Ne6 13.exd5 cxd5 14.Nc3 Bb4 15.Qg4 
Bxc3 16.bxc3 g6 17.Ba3 h5 18.Nh6+ Kh8 19.Nxf7+ Rxf7 20.Qxe6 Qd7 21.Rad1 
Qxe6 22.Rxe6 Na6 23.Bf1 Nc7 24.Re5 Re8 25.Rde1 Rxe5 26.Rxe5 Kg7 27.f4 Bc8 
28.c4 dxc4 29.Bxc4 Rd7 30.Bb3 Bb7 31.Bc2 Bd5 32.Bb3 Kh6 33.f5 gxf5 1-0

[Event "15th Africa-ch"]
[Site "Hammamet TUN"]
[Date "2018.07.10"]
[Round "2.3"]
[White "Munenga, Douglas"]
[Black "Hamdouchi, Hichem"]
[Result "0-1"]
[WhiteElo "2329"]
[BlackElo "2575"]
[EventDate "2019.07.09"]
[PlyCount "147"]

1.e4 e6 2.d4 d5 3.Nd2 Nc6 4.Ngf3 Nf6 5.e5 Nd7 6.c3 f6 7.exf6 Qxf6 8.Bb5 
Bd6 9.Nf1 O-O 10.Bg5 Qf7 11.Ng3 Ne7 12.O-O Ng6 13.Bd3 Nf4 14.Bc2 b6 15.
Bxf4 Bxf4 16.Qd3 g6 17.Rae1 a5 18.Qe2 Ba6 19.Bd3 Bxd3 20.Qxd3 Rae8 21.Rd1 
Kh8 22.Qb5 Re7 23.Rfe1 g5 24.Rf1 g4 25.Ne1 h5 26.Nd3 h4 27.Ne2 Bh6 28.f4 
Qf5 29.Ne5 Nxe5 30.dxe5 Ref7 31.Nd4 Qg6 32.f5 exf5 33.Qxd5 Be3+ 34.Kh1 f4 
35.e6 Re7 36.Rde1 Kh7 37.b4 axb4 38.cxb4 Rf6 39.a4 h3 40.gxh3 c5 41.bxc5 
bxc5 42.Ne2 gxh3 43.Qf3 Qf5 44.Ng1 Rexe6 45.Nxh3 Re5 46.Nf2 Rg6 47.Nh3 Qe4
48.a5 Qxf3+ 49.Rxf3 c4 50.Ref1 c3 51.Nxf4 Rf6 52.Ne2 Rxf3 53.Rxf3 c2 54.
Rf7+ Kg6 55.Rc7 Bd2 56.Rxc2 Rxe2 57.a6 Re1+ 58.Kg2 Be3 59.Kf3 Bg1 60.Ra2 
Ba7 61.Kg3 Kf5 62.Kf3 Re3+ 63.Kg2 Re6 64.Kf3 Re3+ 65.Kg2 Re5 66.Kf3 Kg5 
67.Kg3 Re3+ 68.Kg2 Kf6 69.Rf2+ Ke6 70.Ra2 Kd5 71.h4 Kc6 72.Rf2 Ra3 73.Rf6+
Kd5 74.h5 0-1

[Event "15th Africa-ch"]
[Site "Hammamet TUN"]
[Date "2018.07.10"]
[Round "2.4"]
[White "Bellahcene, Bilel"]
[Black "Chumfwa, Stanley"]
[Result "1-0"]
[WhiteElo "2541"]
[BlackElo "2297"]
[EventDate "2019.07.09"]
[PlyCount "35"]

1.e4 c5 2.Nf3 d6 3.d4 cxd4 4.Nxd4 Nf6 5.Nc3 a6 6.Bg5 e6 7.Qf3 h6 8.Be3 Bd7
9.O-O-O Nc6 10.Nxc6 Bxc6 11.Bd3 b5 12.Kb1 b4 13.Ne2 e5 14.g4 Qd7 15.Rhg1 
Qb7 16.g5 d5 17.Qf5 Bd6 18.gxf6 1-0

[Event "15th Africa-ch"]
[Site "Hammamet TUN"]
[Date "2018.07.10"]
[Round "2.9"]
[White "Fawzy, Adham"]
[Black "Jmila, Omar"]
[Result "1-0"]
[WhiteElo "2476"]
[BlackElo "2119"]
[EventDate "2019.07.09"]
[PlyCount "83"]

1.e4 e5 2.Nf3 Nc6 3.Bb5 a6 4.Bxc6 dxc6 5.O-O Bg4 6.h3 Bh5 7.g4 Bg6 8.Nxe5 
Qh4 9.Qf3 f6 10.Nxg6 hxg6 11.Kg2 g5 12.d4 O-O-O 13.Be3 Bd6 14.Nd2 Ne7 15.
c3 Kb8 16.Rh1 Ng6 17.b4 Rde8 18.Kg1 Qh7 19.a4 Nh4 20.Qe2 Rxe4 21.b5 axb5 
22.axb5 cxb5 23.Qxb5 c6 24.Qb6 Rxe3 25.fxe3 Qd3 26.Rb1 Qxe3+ 27.Kf1 Qd3+ 
28.Kg1 Qg3+ 29.Kf1 Qg2+ 30.Ke1 Nf3+ 31.Nxf3 Qxh1+ 32.Kf2 Bg3+ 33.Ke3 Re8+ 
34.Ne5 Rxe5+ 35.dxe5 Bf4+ 36.Kd3 Qf3+ 37.Kc2 Qg2+ 38.Kb3 Qd5+ 39.Ka3 Qd7 
40.e6 Qe7+ 41.Ka4 Bd6 42.Qxc6 1-0

[Event "15th Africa-ch"]
[Site "Hammamet TUN"]
[Date "2019.07.11"]
[Round "3.2"]
[White "Hamdouchi, Hichem"]
[Black "Adly, Ahmed"]
[Result "0-1"]
[WhiteElo "2575"]
[BlackElo "2618"]
[EventDate "2019.07.09"]
[PlyCount "120"]

1.e4 c5 2.Nf3 Nf6 3.e5 Nd5 4.Nc3 Nxc3 5.dxc3 Nc6 6.Bf4 Qc7 7.Qd2 e6 8.h4 
h6 9.h5 b6 10.Bd3 Bb7 11.Be4 Ne7 12.Bxb7 Qxb7 13.Qe2 b5 14.O-O Nd5 15.Bg3 
Be7 16.Nd2 c4 17.Ne4 O-O 18.Rad1 Qc6 19.Rfe1 Kh7 20.Qg4 Rg8 21.Bh4 Bxh4 
22.Qxh4 Raf8 23.Qg3 Kh8 24.Nd6 g6 25.Rd4 gxh5 26.Qf3 f5 27.Rh4 Rg4 28.Rxh5
Kg7 29.Kf1 a5 30.a3 Kg6 31.Rh2 h5 32.Rd1 Qc5 33.Nb7 Qe7 34.Nd6 Qg5 35.Nxb5
f4 36.Rd4 Qxe5 37.Qe4+ Qxe4 38.Rxe4 Ne3+ 39.Kg1 Rg5 40.Nd4 Ng4 41.Rh3 Rd5 
42.Kf1 e5 43.Nf3 Rb8 44.g3 fxg3 45.Rxg3 Kf6 46.Rxc4 Rxb2 47.Ne1 Rd2 48.
Rf3+ Ke6 49.Kg2 Rxf2+ 50.Rxf2 Ne3+ 51.Kf3 Nxc4 52.a4 Ra2 53.Rh2 Rxa4 54.
Ke2 Ra3 55.Kd3 Kd5 56.Rxh5 Ra1 57.Ke2 Rc1 58.Rh7 Kc6 59.Nf3 a4 60.Kd3 d5 
0-1

[Event "15th Africa-ch"]
[Site "Hammamet TUN"]
[Date "2019.07.11"]
[Round "3.3"]
[White "Arab, Adlane"]
[Black "Solomon, Kenny"]
[Result "1/2-1/2"]
[WhiteElo "2479"]
[BlackElo "2375"]
[EventDate "2019.07.09"]
[PlyCount "60"]

1.d4 Nf6 2.c4 e6 3.g3 Bb4+ 4.Bd2 Be7 5.Bg2 d5 6.Nf3 O-O 7.O-O c6 8.Qc2 
Nbd7 9.Rd1 b6 10.Bf4 Ba6 11.Nbd2 Nh5 12.Be3 Bd6 13.Ng5 Nhf6 14.Bf4 Bxf4 
15.gxf4 g6 16.e3 Qe7 17.a3 Rac8 18.b4 Nh5 19.Qb3 Ndf6 20.Ngf3 dxc4 21.Nxc4
Nd5 22.Rac1 f6 23.Rc2 Kh8 24.Rdc1 Bb7 25.Ncd2 Ng7 26.Qd3 Nh5 27.Ne4 Qd7 
28.Kh1 Rg8 29.Ng3 Ng7 30.Ne4 Nh5 1/2-1/2

[Event "15th Africa-ch"]
[Site "Hammamet TUN"]
[Date "2019.07.11"]
[Round "3.4"]
[White "Klaasen, Calvin"]
[Black "Fawzy, Adham"]
[Result "1/2-1/2"]
[WhiteElo "2285"]
[BlackElo "2476"]
[EventDate "2019.07.09"]
[PlyCount "113"]

1.d4 d5 2.c4 c6 3.Nf3 Nf6 4.Qb3 dxc4 5.Qxc4 Bf5 6.g3 e6 7.Bg2 Be7 8.O-O 
O-O 9.e3 Nbd7 10.Qe2 c5 11.Rd1 Qb6 12.Nc3 Ne4 13.Ne1 Ndf6 14.f3 Nxc3 15.
bxc3 Nd5 16.Bd2 Qb2 17.Nd3 Qc2 18.Bf1 Nxc3 19.Bxc3 Qxc3 20.Nxc5 Rac8 21.
Ne4 Qa3 22.Rd3 Qa4 23.Rb3 b6 24.Qd2 Qc6 25.Ba6 Bxe4 26.fxe4 Qc2 27.Rd1 
Qxd2 28.Rxd2 Rc1+ 29.Kg2 Rd8 30.e5 Rd5 31.Bb5 Bg5 32.a4 f6 33.exf6 Bxf6 
34.Rbd3 e5 35.dxe5 Rxe5 36.Re2 Rc7 37.Rd7 Rxd7 38.Bxd7 a6 39.Kf3 b5 40.
axb5 axb5 41.e4 b4 42.Bc6 Ra5 43.Bd5+ Kf8 44.Ra2 Rb5 45.Bb3 Rc5 46.Rc2 Bc3
47.Ke3 Ke7 48.Kd3 Rc7 49.Rf2 Bf6 50.Rc2 Rd7+ 51.Ke2 Bc3 52.Ra2 Rd4 53.Ke3 
Rd8 54.Bd5 Rf8 55.Bc4 Kd6 56.Ra5 Kc6 57.g4 1/2-1/2

[Event "15th Africa-ch"]
[Site "Hammamet TUN"]
[Date "2019.07.11"]
[Round "3.6"]
[White "Kayonde, Andrew"]
[Black "Balogun, Oluwafemi"]
[Result "1-0"]
[WhiteElo "2382"]
[BlackElo "2279"]
[EventDate "2019.07.09"]
[PlyCount "68"]

1.d4 Nf6 2.Bg5 g6 3.Bxf6 exf6 4.e3 Bg7 5.g3 f5 6.Bg2 h5 7.h4 d6 8.Nd2 Nd7 
9.Ne2 Nf6 10.c3 c6 11.Nf4 Bh6 12.Qc2 Ng4 13.Bf3 Qe7 14.Kf1 O-O 15.Qd3 Bd7 
16.Kg2 Qf6 17.Rac1 Rae8 18.c4 Re7 19.b4 Rfe8 20.Nf1 Bxf4 21.gxf4 c5 22.
bxc5 dxc5 23.d5 Qa6 24.Bxg4 fxg4 25.Ng3 Qxa2 26.e4 Qb2 27.e5 b5 28.Qe3 
bxc4 29.Rxc4 Rb8 30.Qxc5 Ree8 31.Qxa7 Qb3 32.Qd4 Qf3+ 33.Kh2 Rb3 34.Rd1 
Ra8 1-0

[Event "15th Africa-ch"]
[Site "Hammamet TUN"]
[Date "2019.07.11"]
[Round "3.7"]
[White "Zaibi, Amir"]
[Black "Anwuli, Daniel"]
[Result "1/2-1/2"]
[WhiteElo "2378"]
[BlackElo "2295"]
[EventDate "2019.07.09"]
[PlyCount "80"]

1.e4 c5 2.Nf3 e6 3.d4 cxd4 4.Nxd4 a6 5.Nc3 Qc7 6.Be2 Nf6 7.O-O d6 8.f4 Be7
9.Bf3 O-O 10.Be3 Nc6 11.Qe1 Nxd4 12.Bxd4 e5 13.Be3 exf4 14.Bxf4 Be6 15.Kh1
Nd7 16.Rd1 Ne5 17.Be2 Rad8 18.Be3 Rfe8 19.Qg3 Ng6 20.Bg4 Bh4 21.Qh3 Qe7 
22.Bd4 Ne5 23.Bf5 g6 24.Bxe6 fxe6 25.Bxe5 dxe5 26.Qe3 Rxd1 27.Rxd1 Qb4 28.
Qc1 Rf8 29.g3 Be7 30.Kg2 Bc5 31.Rf1 Rxf1 32.Qxf1 Qxb2 33.Qc4 Qxc2+ 34.Kh3 
Qf2 35.Qxe6+ Qf7 36.Qxe5 Qd7+ 37.Kg2 Qd2+ 38.Kh3 Qd7+ 39.Kg2 Qd2+ 40.Kh3 
Qd7+ 1/2-1/2

[Event "15th Africa-ch"]
[Site "Hammamet TUN"]
[Date "2019.07.11"]
[Round "3.9"]
[White "Oussedik, Mahfoud"]
[Black "Douissa, Oussama"]
[Result "1/2-1/2"]
[WhiteElo "2440"]
[BlackElo "2248"]
[EventDate "2019.07.09"]
[PlyCount "68"]

1.d4 Nf6 2.c4 g6 3.Nf3 Bg7 4.Nc3 O-O 5.g3 d6 6.Bg2 Nbd7 7.O-O e5 8.e4 exd4
9.Nxd4 Re8 10.h3 c6 11.Re1 a5 12.Bf4 Ne5 13.b3 Nfd7 14.Be3 Nc5 15.Bf1 a4 
16.b4 Ne6 17.Kg2 Nxd4 18.Bxd4 c5 19.bxc5 dxc5 20.Bxe5 Qxd1 21.Raxd1 Bxe5 
22.Nb5 g5 23.Rd5 b6 24.Nd6 Bxd6 25.Rxd6 Re6 26.Rd8+ Kg7 27.f3 Bb7 28.Rd2 
h5 29.g4 hxg4 30.hxg4 Rh8 31.Be2 Reh6 32.Kf2 Bxe4 33.Bf1 Bc6 34.Re5 Rg6 
1/2-1/2

[Event "15th Africa-ch"]
[Site "Hammamet TUN"]
[Date "2019.07.11"]
[Round "3.10"]
[White "Amdouni, Zoubaier"]
[Black "El-Gindy, Essam"]
[Result "1-0"]
[WhiteElo "2248"]
[BlackElo "2423"]
[EventDate "2019.07.09"]
[PlyCount "105"]

1.e4 e5 2.Bc4 Nf6 3.d3 c6 4.Nf3 d5 5.Bb3 Bd6 6.Nc3 d4 7.Ne2 h6 8.Ng3 g6 9.
O-O c5 10.Nxe5 Bxe5 11.f4 Bc7 12.e5 Nd5 13.Ne4 Ne3 14.Bxe3 dxe3 15.Qe2 Nc6
16.a3 Be6 17.Bxe6 fxe6 18.Qg4 Qe7 19.Qxg6+ Qf7 20.Nf6+ Ke7 21.Qe4 Kd8 22.
Qxe3 Ne7 23.c4 Nf5 24.Qe4 Kc8 25.b4 Bd8 26.g4 Nd4 27.f5 exf5 28.Rxf5 Qg6 
29.Qd5 Bc7 30.Qd7+ Kb8 31.Nd5 Qc6 32.Qg7 Re8 33.b5 Nxf5 34.Qf7 Re7 35.Nxe7
Qd7 36.Qf8+ Qd8 37.Qxd8+ Bxd8 38.Nxf5 Kc7 39.Nxh6 a6 40.a4 axb5 41.cxb5 
Kd7 42.Nf5 Ke6 43.Nd6 Kxe5 44.Nxb7 Bb6 45.Kg2 Kd4 46.a5 Ra7 47.Ra4+ Kxd3 
48.Nd6 Rxa5 49.Rxa5 Bxa5 50.Kf3 Bc7 51.Ne4 Bxh2 52.g5 Kd4 53.Ng3 1-0

[Event "15th Africa-ch"]
[Site "Hammamet TUN"]
[Date "2019.07.12"]
[Round "4.1"]
[White "Adly, Ahmed"]
[Black "Bellahcene, Bilel"]
[Result "1-0"]
[WhiteElo "2618"]
[BlackElo "2541"]
[EventDate "2019.07.09"]
[PlyCount "117"]

1.d4 e6 2.g3 Nf6 3.Bg2 d5 4.Nf3 Be7 5.O-O O-O 6.c4 dxc4 7.Ne5 Nc6 8.Bxc6 
bxc6 9.Nxc6 Qe8 10.Nxe7+ Qxe7 11.Qc2 e5 12.dxe5 Qxe5 13.Bf4 Qe6 14.Nc3 Bb7
15.Rad1 Rad8 16.Rxd8 Rxd8 17.Rd1 Rd7 18.Rxd7 Nxd7 19.Qd2 h6 20.Qe3 Qb6 21.
Qe8+ Nf8 22.Bc1 a6 23.h4 f5 24.Kf1 Qc6 25.Qxc6 Bxc6 26.Ke1 Ne6 27.Be3 g5 
28.hxg5 hxg5 29.f3 Kf7 30.Kd2 Ke7 31.Nb1 Kd6 32.Kc3 Bb5 33.Nd2 Kd5 34.Nb1 
c5 35.Kd2 Bc6 36.Nc3+ Kd6 37.Bg1 Ke5 38.Nd1 Bb5 39.Be3 Kd5 40.Ke1 Kd6 41.
Bd2 f4 42.g4 Bc6 43.Ba5 Ke5 44.Kd2 Kf6 45.Nf2 Bd5 46.Nd1 Bc6 47.Bb6 Ke5 
48.Nf2 Bd5 49.Ba5 Kf6 50.Nh3 Kg6 51.a3 Bc6 52.Bb6 Bd5 53.Ba7 Kf6 54.Bb8 
Kg6 55.Be5 Nd4 56.Bxf4 c3+ 57.bxc3 Nb5 58.a4 Na3 59.Bxg5 1-0

[Event "15th Africa-ch"]
[Site "Hammamet TUN"]
[Date "2019.07.12"]
[Round "4.2"]
[White "Kayonde, Andrew"]
[Black "Rakotomaharo, Fy Antenaina"]
[Result "1/2-1/2"]
[WhiteElo "2382"]
[BlackElo "2419"]
[EventDate "2019.07.09"]
[PlyCount "110"]

1.d4 e6 2.Bf4 Nf6 3.e3 b6 4.Nf3 Bb7 5.Bd3 Bd6 6.Bg3 Bxg3 7.hxg3 d6 8.Nbd2 
Nbd7 9.c3 Qe7 10.Qe2 a6 11.e4 e5 12.d5 Nc5 13.b4 Nxd3+ 14.Qxd3 a5 15.O-O 
O-O 16.a3 g6 17.c4 Ng4 18.Rfe1 f5 19.Rac1 axb4 20.axb4 Ra4 21.Ra1 Qd7 22.
b5 Rxa1 23.Rxa1 Qg7 24.Ra7 Bc8 25.c5 Qh6 26.Nf1 fxe4 27.Qxe4 Qh1+ 28.Kxh1 
Nxf2+ 29.Kh2 Nxe4 30.Rxc7 Nxc5 31.Ne3 Bd7 32.Nc4 Rf6 33.Rc6 Bxc6 34.dxc6 
Ne6 35.Nxb6 Nc7 36.Nd7 Rxf3 37.gxf3 Nxb5 38.Nf6+ Kf7 39.Nxh7 d5 40.Kg2 Nc7
41.Kf2 Ke7 42.Ke3 Ne6 43.f4 exf4+ 44.gxf4 Kd6 45.Nf6 Kxc6 46.Ng4 Kd6 47.
Ne5 Nf8 48.Kd4 Ke6 49.Nf3 Nh7 50.Ne5 g5 51.fxg5 Nxg5 52.Nd3 Nf3+ 53.Ke3 
Ne5 54.Nf4+ Kd6 55.Nxd5 Kxd5 1/2-1/2

[Event "15th Africa-ch"]
[Site "Hammamet TUN"]
[Date "2019.07.12"]
[Round "4.3"]
[White "Chumfwa, Stanley"]
[Black "Amin, Bassem"]
[Result "0-1"]
[WhiteElo "2297"]
[BlackElo "2707"]
[EventDate "2019.07.09"]
[PlyCount "190"]

1.e4 g6 2.d4 Bg7 3.Nc3 d6 4.Be3 a6 5.Qd2 b5 6.f3 Nd7 7.h4 Ngf6 8.O-O-O h6 
9.Kb1 Nb6 10.Bd3 c6 11.Nh3 Qc7 12.g4 h5 13.gxh5 Nxh5 14.Ng5 Bd7 15.Qf2 Rb8
16.Ne2 Nc4 17.Bc1 c5 18.c3 Na5 19.dxc5 dxc5 20.f4 c4 21.Bc2 b4 22.cxb4 
Rxb4 23.e5 Bg4 24.Rhg1 Bxe2 25.Qxe2 c3 26.Qf3 O-O 27.b3 e6 28.Rd3 Qb6 29.
Be3 Nxb3 30.Bxb6 Nd2+ 31.Kc1 Nxf3 32.Rxf3 Rxb6 33.Nxf7 Rxf7 34.Bxg6 Rfb7 
35.Rg5 Nxf4 36.Rxf4 Bh6 37.Bf7+ Kh8 38.Rh5 Kg7 39.Rxh6 Kxh6 40.Rf6+ Kg7 
41.Bxe6 Re7 42.Bc4 Rxf6 43.exf6+ Kxf6 44.Kc2 a5 45.Kxc3 Ke5 46.Kb3 Rb7+ 
47.Ka3 Rb4 48.Bf7 Rxh4 49.Be8 Kd6 50.Bb5 Re4 51.Ba4 Kc5 52.Bd7 Re7 53.Bf5 
Kc6 54.Bg6 Re5 55.Ka4 Kb6 56.Kb3 Rd5 57.Be8 Rd8 58.Bh5 Rd3+ 59.Ka4 Re3 60.
Bg6 Kc5 61.Bf5 Rf3 62.Bg6 Rf2 63.Kb3 Rf8 64.Ka4 Kb6 65.Kb3 Rd8 66.Bf7 Rd3+
67.Ka4 Rd4+ 68.Kb3 Re4 69.Bg6 Rb4+ 70.Ka3 Rd4 71.Be8 Rd8 72.Bh5 Kb5 73.
Be2+ Kc5 74.Ba6 Rf8 75.Be2 Rg8 76.Bf1 Rg3+ 77.Ka4 Rc3 78.Bb5 Kb6 79.Be8 
Rd3 80.Bf7 Rf3 81.Be8 Rf6 82.Kb3 Re6 83.Bf7 Re3+ 84.Ka4 Re4+ 85.Kb3 Kb5 
86.Bg6 Re3+ 87.Kb2 Kb4 88.Bf7 Re2+ 89.Kc1 Kc3 90.Kd1 Re4 91.Bg8 a4 92.Bf7 
Re5 93.Bg8 Re7 94.a3 Rd7+ 95.Ke1 Kb2 0-1

[Event "15th Africa-ch"]
[Site "Hammamet TUN"]
[Date "2019.07.12"]
[Round "4.6"]
[White "Fawzy, Adham"]
[Black "Boudriga, Med Ali"]
[Result "1-0"]
[WhiteElo "2476"]
[BlackElo "2333"]
[EventDate "2019.07.09"]
[PlyCount "73"]

1.e4 e5 2.Nf3 Nf6 3.Nxe5 d6 4.Nf3 Nxe4 5.d4 d5 6.Bd3 Bf5 7.O-O Be7 8.Re1 
Nc6 9.Nc3 Nxc3 10.bxc3 Bxd3 11.cxd3 O-O 12.Rb1 Rb8 13.Qa4 Bd6 14.Ne5 Bxe5 
15.dxe5 Qd7 16.Qf4 Rfe8 17.Qg3 Nxe5 18.Bf4 Ng6 19.Bxc7 Rxe1+ 20.Rxe1 Re8 
21.Rxe8+ Qxe8 22.h4 h5 23.Kh2 Qa4 24.d4 Qxa2 25.Qg5 Qxf2 26.Bg3 Qa2 27.
Qxh5 Nf8 28.Qg5 Ne6 29.Qe7 Qc4 30.Qe8+ Kh7 31.Qxf7 Qc6 32.Be5 a5 33.h5 b5 
34.Qg6+ Kg8 35.Bxg7 Qd7 36.Be5+ Kf8 37.h6 1-0

[Event "15th Africa-ch"]
[Site "Hammamet TUN"]
[Date "2019.07.12"]
[Round "4.7"]
[White "Hbacha, Achraf"]
[Black "Zaibi, Amir"]
[Result "1-0"]
[WhiteElo "2249"]
[BlackElo "2378"]
[EventDate "2019.07.09"]
[PlyCount "57"]

1.d4 d5 2.Bf4 c5 3.e3 Nc6 4.c3 Qb6 5.Qb3 c4 6.Qc2 Nf6 7.Nd2 Nh5 8.Ne2 g6 
9.e4 e6 10.Be3 f5 11.exd5 exd5 12.Nxc4 dxc4 13.d5 Bc5 14.Bxc5 Qxc5 15.dxc6
O-O 16.O-O-O Be6 17.Nd4 Bf7 18.Qa4 Rfe8 19.cxb7 Rab8 20.Qc6 Qxc6 21.Nxc6 
Rxb7 22.Nd8 Rc7 23.Nxf7 Kxf7 24.Rd4 Re4 25.Rxe4 fxe4 26.g3 Re7 27.Be2 Ng7 
28.Rd1 Nf5 29.Rd8 1-0

[Event "15th Africa-ch"]
[Site "Hammamet TUN"]
[Date "2019.07.12"]
[Round "4.8"]
[White "Solomon, Kenny"]
[Black "Amdouni, Zoubaier"]
[Result "1/2-1/2"]
[WhiteElo "2375"]
[BlackElo "2248"]
[EventDate "2019.07.09"]
[PlyCount "115"]

1.d4 d5 2.Nf3 Nf6 3.c4 e6 4.g3 dxc4 5.Bg2 Bb4+ 6.Bd2 a5 7.O-O O-O 8.Bxb4 
axb4 9.Ne5 Nc6 10.Nxc6 bxc6 11.e3 Qd6 12.Nd2 Ba6 13.Re1 e5 14.Nf3 e4 15.
Nd2 Rfe8 16.Qc2 Qe6 17.Rec1 c3 18.bxc3 Bd3 19.Qb3 Qf5 20.a3 bxc3 21.Qxc3 
Ra6 22.Nb3 Rea8 23.Qd2 Nd7 24.Rc3 h5 25.Nc1 Bb5 26.Rb1 h4 27.Rb2 hxg3 28.
fxg3 Nb6 29.Qf2 Qxf2+ 30.Rxf2 Nd5 31.Rb3 Bc4 32.Rb7 Re8 33.Rfb2 Bb5 34.Kf2
f5 35.h4 Rxa3 36.Rb3 Rxb3 37.Nxb3 Ra8 38.Nc1 Ra3 39.Bf1 Rc3 40.Bxb5 cxb5 
41.Ne2 Rc2 42.Ke1 Ra2 43.Nf4 Nxe3 44.Rxb5 Nc2+ 45.Kf1 Nxd4 46.Rd5 c5 47.
Rxc5 e3 48.Rc8+ Kf7 49.Rc7+ Ke8 50.Rc3 Ra1+ 51.Kg2 Ra2+ 52.Kf1 Ra1+ 53.Kg2
Re1 54.Rd3 e2 55.Rxd4 Rg1+ 56.Kxg1 e1=Q+ 57.Kg2 Ke7 58.Rd3 1/2-1/2